Stay of proceedings: statutory demands (Record no. 69258)

MARC details
000 -LEADER
fixed length control field 01089cam a2200241 4500
001 - CONTROL NUMBER
control field ABS64928
008 - FIXED-LENGTH DATA ELEMENTS--GENERAL INFORMATION
fixed length control field 020111n2001 000 0 eng u
035 ## - SYSTEM CONTROL NUMBER
System control number (Sirsi) u116242
245 ## - TITLE STATEMENT
Title Stay of proceedings: statutory demands
260 ## - PUBLICATION, DISTRIBUTION, ETC.
Date of publication, distribution, etc. 2001
490 ## - SERIES STATEMENT
Series statement Arbitration Law Monthly
Volume/sequential designation 1(8) October 2001, 10-12(3)
520 ## - SUMMARY, ETC.
Summary, etc. Considers a recent Australian case "Reinsurance Australian Corporation Ltd v Odyssey Re (Bermuda) Ltd" 2000 concerning whether a party who claims to be owed a sum of money can sidestep the obligation to arbitrate his claim by serving a statutory demand thereby initiating proceedings which can lead to the winding up of the debtor.
590 ## - LOCAL NOTE (RLIN)
Local note ABS
650 ## - SUBJECT ADDED ENTRY--TOPICAL TERM
Topical term or geographic name entry element STATUTORY DEMAND
650 ## - SUBJECT ADDED ENTRY--TOPICAL TERM
Topical term or geographic name entry element REINSUANCE AUSTRALIA CORPORATION LTD V ODYSSEY RE (BERMUDA) LTD
650 ## - SUBJECT ADDED ENTRY--TOPICAL TERM
Topical term or geographic name entry element ARIAS ARBITRATION RULES
650 ## - SUBJECT ADDED ENTRY--TOPICAL TERM
Topical term or geographic name entry element DEBT
650 ## - SUBJECT ADDED ENTRY--TOPICAL TERM
Topical term or geographic name entry element MANAGEMENT-DISPUTE AVOIDANCE, MANAGEMENT AND RESOLUTION-DISPUTE MANAGEMENT AND RESOLUTION-ARBITRATION
650 ## - SUBJECT ADDED ENTRY--TOPICAL TERM
Topical term or geographic name entry element JURISDICTION
650 ## - SUBJECT ADDED ENTRY--TOPICAL TERM
Topical term or geographic name entry element NEW YORK CONVENTION 1968
690 ## - LOCAL SUBJECT ADDED ENTRY--TOPICAL TERM (OCLC, RLIN)
Topical term or geographic name as entry element LAW-INTERNATIONAL
942 ## - ADDED ENTRY ELEMENTS (KOHA)
Suppress in OPAC 0
Holdings
Withdrawn status Lost status Source of classification or shelving scheme Damaged status Not for loan Home library Current library Shelving location Date acquired Total Checkouts Full call number Barcode Date last seen Copy number Price effective from Koha item type
    Dewey Decimal Classification     London London Journal article 11/01/2002   ABS64928 116242-1001 06/08/2019 1 06/08/2019 Journal article